Gray's Anatomy (Record no. 33252)
[ view plain ]
| 000 -LEADER | |
|---|---|
| fixed length control field | 00285nam a22001457a 4500 |
| 003 - CONTROL NUMBER IDENTIFIER | |
| control field | SGT |
| 082 ## - DEWEY DECIMAL CLASSIFICATION NUMBER | |
| Classification number | 611 |
| Item number | G73W |
| 100 ## - MAIN ENTRY--PERSONAL NAME | |
| Personal name | Warwick, Roger |
| 245 ## - TITLE STATEMENT | |
| Title | Gray's Anatomy |
| 250 ## - EDITION STATEMENT | |
| Edition statement | 35th Ed. |
| 260 ## - PUBLICATION, DISTRIBUTION, ETC. (IMPRINT) | |
| Name of publisher, distributor, etc | Longman |
| Year of Publication | 1973 |
| 300 ## - PAGE DESCRIPTION | |
| No. of Pages | 1471 |
| 650 ## - SUBJECT ADDED ENTRY--TOPICAL TERM | |
| Topical term or geographic name as entry element | Anatomy |
| 942 ## - ADDED ENTRY ELEMENTS (KOHA) | |
| Source of classification or shelving scheme | Dewey Decimal Classification |
| Koha item type | Rare Books |
| Withdrawn status | Lost status | Source of classification or shelving scheme | Damaged status | Use restrictions | Not for loan | Home library | Current library | Date acquired | SGTU | Total Checkouts | Full call number | Accession No. (Barcode) | Date last seen | Bill Date | Koha item type |
|---|---|---|---|---|---|---|---|---|---|---|---|---|---|---|---|
| Dewey Decimal Classification | Restricted Access | Not For Loan | SGT Dental Library | SGT Dental Library | 06/01/2026 | SGTU | 611 G73W | FD10161 | 06/01/2026 | 06/01/2026 | Rare Books |